Same-sex marriages across borders and its recognition in India: a study of legal challenges (Record no. 530647)

000 -LEADER
fixed length control field 01738nam a22001457a 4500
008 - FIXED-LENGTH DATA ELEMENTS--GENERAL INFORMATION
fixed length control field 250630b ||||| |||| 00| 0 eng d
100 ## - MAIN ENTRY--PERSONAL NAME
Personal name Rattan, Toshi and Meena, Asha
245 ## - TITLE STATEMENT
Title Same-sex marriages across borders and its recognition in India: a study of legal challenges
260 ## - PUBLICATION, DISTRIBUTION, ETC. (IMPRINT)
Place of publication, distribution, etc Bihar Journal of Public Administration
300 ## - PHYSICAL DESCRIPTION
Extent 21(2s), Jul-Dec, 2024: p.459-470
520 ## - SUMMARY, ETC.
Summary, etc Although the basic rights of LGBT categories of sex have been protected in India
by Transgender Persons (Protection of Rights) Act, 2019, yet the formation of
family and adoption of children by same sex couple have neither been approved
legally nor socially. The countries of Indian peninsula have almost similar trend,
however, some Asian countries, on the line of Western countries, have recently
granted recognition to same sex marriages. Here arise questions - how the
conjugal rights of same sex be assured in India? How the same-sex couple, whose
marriages have been legally solemnized in other countries, can be protected in
India? The formal acknowledgment of same-sex marriages remains contentious.
As such the present paper explores the legal implications surrounding the
recognition of foreign same-sex marriages in India, emphasizing the confl ict
between established cultural norms and evolving legal frameworks. On the basis
of analysis, it can be highly advocated for a judicial approach that may balance
individual dignity with societal expectations. - Reproduced

http://www.iipabiharbranch.org/upload/BJPA%20Vol.%20XXI%20No%202(S).pdf

650 ## - SUBJECT ADDED ENTRY--TOPICAL TERM
Topical term or geographic name as entry element Same-sex Marriage, Solemnized abroad, recognition, Legal framework, India
9 (RLIN) 54858
942 ## - ADDED ENTRY ELEMENTS (KOHA)
Item type Articles
Holdings
Withdrawn status Lost status Source of classification or shelving scheme Damaged status Not for loan Permanent location Current location Date acquired Barcode Date last seen Koha item type
          Indian Institute of Public Administration Indian Institute of Public Administration 2025-06-30 AR136439 2025-06-30 Articles

Powered by Koha